00854nam a2200229 a 450000100100000000500170001000800410002702000150006804100080008304300120009108200210010310000320012424501140015625000120027026000290028230000110031150001440032250000680046650400280053465000250056265000370058700005232920200120222722.0130123s2001 ck g 000 0 spa d a95868337040 aspa as-ck---04a323.042bC212211 aCeballos Arévalo, Miguel.10aParticipación y fortalecimiento institucional a nivel local en Colombia /cMiguel Ceballos y Gerard Martin. a1.a ed. aBogotá :bCEJA,c2001. a327 p. aEj.1 de Biblioparque de Funza : Colección Proveniente de la Antigua Biblioteca Municipal, Centro Cultural Bacatá, Funza (Cundinamarca). aIncluye información biográfica de los autores en la solapa. aIncluye bibliografía.14aDemocraciazColombia24aParticipación socialzColombia